000 00369 a2200169 4500
001 49652
020 _a8516042774
040 _cAnchieta - Bela Vista
100 _aQueirós, Bartolemeu Campos de
240 1 0 _aFormiga amiga
_lpor
245 1 0 _aFormiga amiga
300 _a31
362 0 _a2004
440 1 _aModerna
650 4 _aLiteratura infantil
942 _cBK
999 _c49652
_d49652